000 00239nam a2200097Ia 4500
001 653850
005 20250826154506.0
008 250824s9999 xx 000 0 und d
245 0 _aMIZIKACI
_cYEŞİM ARMUTAK
260 _bGÜNIŞIĞI YAYINLARI
999 _c653850
_d653850